أثر البيئة و التلوث على ذكاء و إبداع الأطفال / (رقم التسجيلة. 89702)

تفاصيل مارك
000 -LEADER
fixed length control field 00614nam a22001937a 4500
005 - DATE AND TIME OF LATEST TRANSACTION
control field 20251108172833.0
008 - FIXED-LENGTH DATA ELEMENTS--GENERAL INFORMATION
fixed length control field 250721s2003 xx 000 0 ara d
082 14 - DEWEY DECIMAL CLASSIFICATION NUMBER
Classification number 636.73/عبد
100 1# - MAIN ENTRY--PERSONAL NAME
Personal name عبد الهادي، محمد أحمد
245 10 - TITLE STATEMENT
Title أثر البيئة و التلوث على ذكاء و إبداع الأطفال /
264 1# - PRODUCTION, PUBLICATION, DISTRIBUTION, MANUFACTURE, AND COPYRIGHT NOTICE
Place of production, publication, distribution, manufacture القاهرة :
Name of producer, publisher, distributor, manufacturer إيتراك للطباعة و النشر،
Date of production, publication, distribution, manufacture, or copyright notice 2003.
300 ## - PHYSICAL DESCRIPTION
Extent 293 ص
650 17 - SUBJECT ADDED ENTRY--TOPICAL TERM
Topical term or geographic name as entry element التلوث البيئي
650 17 - SUBJECT ADDED ENTRY--TOPICAL TERM
Topical term or geographic name as entry element صحة الطفل
650 17 - SUBJECT ADDED ENTRY--TOPICAL TERM
Topical term or geographic name as entry element الذكاء
650 17 - SUBJECT ADDED ENTRY--TOPICAL TERM
Topical term or geographic name as entry element الإبداع
942 ## - ADDED ENTRY ELEMENTS (KOHA)
Source of classification or shelving scheme Dewey Decimal Classification
Koha item type كتب
المقتنيات
حالة السحب حالة الفقدان مصدر التصنيف حالة التلف غير قابل للإعارة المكتبة الرئيسية المكتبة الحالية موقع الرف تاريخ التزويد الرقم المتسلسل Total Checkouts رقم الإستدعاء الباركود تاريخ آخر ظهور تاريخ الفاتورة نوع المادة (كوها)
    Dewey Decimal Classification     مكتبة أبو علندا العامة مكتبة أبو علندا العامة الإعارة 28/07/2025 632424   636.73/عبد DUP-01_632424 28/07/2025 28/07/2025 كتب
    Dewey Decimal Classification     مكتبة أبو علندا العامة مكتبة أبو علندا العامة الإعارة 28/07/2025 632424   636.73/عبد DUP-02_632424 28/07/2025 28/07/2025 كتب
    Dewey Decimal Classification     مكتبة الأميرة ايمان العامة مكتبة الأميرة ايمان العامة الإعارة 28/07/2025 632420   636.73/عبد 632420 28/07/2025 28/07/2025 كتب
    Dewey Decimal Classification     مكتبة الحسن العامة مكتبة الحسن العامة الإعارة 28/07/2025 632423   636.73/عبد 632423 28/07/2025 28/07/2025 كتب
    Dewey Decimal Classification     مكتبة حمزة العامة مكتبة حمزة العامة الإعارة 28/07/2025 632422   636.73/عبد 632422 28/07/2025 28/07/2025 كتب
    Dewey Decimal Classification     مكتبة صويلح العامة مكتبة صويلح العامة الإعارة 28/07/2025 632421   636.73/عبد 632421 28/07/2025 28/07/2025 كتب
Implemented & Customized by: BBB with SCIT (Smart Chains for Information Technology)

Powered by Koha